000 00619nam a22002417a 4500
003 UA-OsUOA
001 72337
007 ta
008 20110111b un ||||| |||| 00| 0 ukr d
100 _aГранин Д.
090 _a821.161.1
_bГ77
942 _cBK
040 _aUA-OsUOA
_brus
_cUA-OsUOA
_dUA-OsUOA
245 _aВсе было не совсем так
300 _a576 с.
955 _a3
041 _arus
080 _a821.161.1
020 _a978-5-373-03322-0
260 _aМ.
_bОлма
_c2010
650 7 _a82 Література. Літературознавство
_2UDC
999 _c358619
_d358619